000 00525cam a22002171 4500
001 sa 63004886
003 DLC
005 20260227111952.0
008 890815s1962 ii 000 0 beno
010 _asa 63004886
035 _a(OCoLC)20183046
040 _aDLC
_cWaU
_dDLC
042 _apremarc
050 0 0 _aPK1718.D74
_bZ72
100 1 _aGupta, Kshetra.
245 1 0 _aMadhu-bicitrā.
260 _c[1962]
300 _a146 p.
_c23 cm.
500 _aIn Bengali.
600 1 0 _aDutt, Michael Madhusudan,
_d1824-1873.
999 _c55900
_d55900